| 000 | 00361nam a2200145Ia 4500 | ||
|---|---|---|---|
| 008 | 150201s2008 xx 000 0 und d | ||
| 082 |
_a618.92 _bC08G |
||
| 100 | _aGOPAKUMAR, H. | ||
| 245 | _aCLINICAL RESPIRATORY DISORDERS PEDIATRICS | ||
| 250 | _a1ST | ||
| 260 |
_bJAYPEE BROTHERS _aDELHI _c2008 |
||
| 300 | _a1-318 | ||
| 650 | _aPAEDIATRICS | ||
| 942 |
_2ddc _cBK _02 |
||
| 999 |
_c62 _d62 |
||